01014nam a22002778a 4500001001000000003000400010005001700014008004100031020001800072082002100090100003300111245011800144250001200262260004400274300003400318500002400352500002700376650004000403650005000443650002900493653002100522655002400543942002100567999001700588952013100605015624659OSt20201128021020.0100804s2011 ne a fr 001 0 eng d a978185617707804a005.133222bDOU1 aDouglass, Bruce Powel93494810aDesign patterns for embedded systems in C :ban embedded software engineering toolkit /cby Bruce Powel Douglass. a1st ed. aAmsterdam :bNewnes / Elsevier, c2011. axix, 450 p. :bill. ;c24 cm. aIndex : p. 437-450. aAppendix : p. 425-435. 0aC (Computer program language)93405 0aEmbedded computer systemsxProgramming.92646 0aSoftware patterns919720 bElecJanuary2014 vreading book934232 2ddck005.133 DOU c17972d17944 00102ddc40708BaccahaMAINbMAINcLOWd2014-01-27epurchasel1o005.133 DOUp000035516r2025-07-15 00:00:00s2019-04-14yBB